Normal view MARC view

Entry Personal Name

Number of records used in: 1

001 - CONTROL NUMBER

  • control field: 1240048

003 - CONTROL NUMBER IDENTIFIER

  • control field: OSt

005 - DATE AND TIME OF LATEST TRANSACTION

  • control field: 20260514122725.0

008 - FIXED-LENGTH DATA ELEMENTS

  • fixed length control field: 260514|| aca||aabn | a|a d

040 ## - CATALOGING SOURCE

  • Original cataloging agency: OSt
  • Transcribing agency: OSt

100 ## - HEADING--PERSONAL NAME

  • Personal name: Goel Meenakshi

670 ## - SOURCE DATA FOUND

  • Source citation: Work cat.: (OSt)1851664: Goel Meenakshi , To Study the Effect of Endometrial Scratchig on Serum Interleukins Levels and Implantation Rate Among Women Undergoing in Vitro Fertilization or Frozen Embryo Transfer.
Copyright @ Delhi University Library System